Statistics for Liverpool Transfers: 2020-2023

Click here to take the quiz!

General Stats

  • This quiz has been taken 136 times
  • The average score is 13 of 18

Answer Stats

NationalityFormer ClubFeeAnswer% Correct
UruguayBenfica80mDarwin Núñez
99%
ArgentinaBrighton & Hove Albion42mAlexis Mac Allister
97%
ColombiaFC Porto47mLuis Díaz
95%
HungaryRB Leipzig70mDominik Szoboszlai
94%
SpainBayern Munich22mThiago Alcântara
92%
JapanVfB Stuttgart20mWataru Endō
92%
NetherlandsPSV Eindhoven42mCody Gakpo
89%
PortugalWolverhampton Wanderers44.7mDiogo Jota
89%
NetherlandsBayern Munich40mRyan Gravenberch
89%
FranceRB Leipzig40mIbrahima Konaté
88%
GreeceOlympiacos13mKostantinos Tsimikas
87%
JapanRB Salzburg8.5mTakumi Minamino
80%
PortugalFulham5.9mFábio Carvalho
63%
SpainWest Ham UnitedFreeAdrián
56%
ScotlandAberdeen FC4.9mCalvin Ramsay
45%
NetherlandsPEC Zwolle1.9mSepp van den Berg
41%
EnglandPreston North End1.85mBen Davies
25%
EnglandMiddlesbroughFreeAndy Lonergan
3%

Score Distribution

Percentile by Number Answered

Percent of People with Each Score

Your Score History

You have not taken this quiz